| 000 | 01040nam a2200229Ia 4500 | ||
|---|---|---|---|
| 003 | Ost | ||
| 005 | 20260507075803.0 | ||
| 008 | 260507s9999||||xx |||||||||||||| ||und|| | ||
| 020 | _a9789947231234 | ||
| 040 | _cfsecg | ||
| 041 | _aara | ||
| 082 | _a657.46 | ||
| 100 |
_aطويل، مصطفى _eمؤلف |
||
| 245 | 0 |
_aالنظام المحاسبي والمالي الجزائري الجديد SCF / _c مصطفى طويل |
|
| 260 |
_aالجزائر : _bدار الحديث للكتاب, _c2010 |
||
| 300 |
_a200 صفحة؛ _bإيضاحات ؛ _c23 سم |
||
| 520 | _aيضم قواعد تقييم الأصول والخصوم والأعباء والمنتوجات وإدراجها في الحسابات، عرض الكشوف المالية، مدونة الحسابات وسيرها، المحاسبة المبسطة المطبقة على الكيانات الصغيرة. | ||
| 653 | _aالمحاسبة | ||
| 653 | _aالمحاسبة التحليلية | ||
| 653 | _aالنظام المحاسبي الموحد | ||
| 942 | _cكتاب | ||
| 999 |
_c46322 _d46322 |
||